| 000 | 02324nam a2200613 a 4500 | ||
|---|---|---|---|
| 001 | ASIN9239173110 | ||
| 005 | 20170105102933.0 | ||
| 008 | 150403s1992 xxu eng d | ||
| 020 | _a9239173110 (hardcover) | ||
| 020 | _a9789239173112 (hardcover) | ||
| 040 | _a0 | ||
| 082 |
_a031 INT 1992 _bD0000190 |
||
| 100 | 1 | _aCollier, P.F. | |
| 245 | 1 | 0 |
_aP.F. collier's 1992 international year book : _bcovering the year 1991 / _cP.F. Collier, Lauren S. Bahr, Robert Famighetti, Richard Hantula, Mary Ann Albanese, Christine Martin Grove, Joseph Gustaitis, William A. McGeveran Jr., Louise Bloomfield, Ingrid J. Strauch, Carol R. Nelson, Andrew N. Lee, Karen Han, Jim Anderson, John Berseth, Michael H. Broder, Miriam Davidson, Frederick N. DeMarzo, John P. Elliott, Nancy E. Frank, Jill Hoffman, Gerald Vogt, Marvin Friedman, Emil Chendea, Brian Boerner, Michele Carney, Carol Sharon, Elnora Bode, Joyce Deyo, Margaret McRae, Jerry Miller, Joan Scafarello, The Editors. |
| 250 | _a1992th ed. | ||
| 260 |
_a[S.l.] : _bP.F. Collier, _c1992. |
||
| 300 |
_a622 p. : _bcol. ill. ; _c28 cm. |
||
| 490 | 1 | _aYearbook 1992. | |
| 700 | 1 | _aBahr, Lauren S. | |
| 700 | 1 | _aFamighetti, Robert. | |
| 700 | 1 | _aHantula, Richard. | |
| 700 | 1 | _aAlbanese, Mary Ann. | |
| 700 | 1 | _aGrove, Christine Martin. | |
| 700 | 1 | _aGustaitis, Joseph. | |
| 700 | 1 | _aJr., William A. McGeveran. | |
| 700 | 1 | _aBloomfield, Louise. | |
| 700 | 1 | _aStrauch, Ingrid J. | |
| 700 | 1 | _aNelson, Carol R. | |
| 700 | 1 | _aLee, Andrew N. | |
| 700 | 1 | _aHan, Karen. | |
| 700 | 1 | _aAnderson, Jim. | |
| 700 | 1 | _aBerseth, John. | |
| 700 | 1 | _aBroder, Michael H. | |
| 700 | 1 | _aDavidson, Miriam. | |
| 700 | 1 | _aDeMarzo, Frederick N. | |
| 700 | 1 | _aElliott, John P. | |
| 700 | 1 | _aFrank, Nancy E. | |
| 700 | 1 | _aHoffman, Jill. | |
| 700 | 1 | _aVogt, Gerald. | |
| 700 | 1 | _aFriedman, Marvin. | |
| 700 | 1 | _aChendea, Emil. | |
| 700 | 1 | _aBoerner, Brian. | |
| 700 | 1 | _aCarney, Michele. | |
| 700 | 1 | _aSharon, Carol. | |
| 700 | 1 | _aBode, Elnora. | |
| 700 | 1 | _aDeyo, Joyce. | |
| 700 | 1 | _aMcRae, Margaret. | |
| 700 | 1 | _aMiller, Jerry. | |
| 700 | 1 | _aScafarello, Joan. | |
| 700 | 1 | _aEditors, The. | |
| 830 | 0 | _aYearbook 1992. | |
| 856 | 4 | 0 |
_3Amazon.com _uhttp://www.amazon.com/exec/obidos/ASIN/9239173110/chopaconline-20 |
| 942 |
_2ddc _cREF |
||
| 999 |
_c16112 _d16112 |
||